000 00596nam a22002537a 4500
003 UA-OsUOA
001 21685
007 ta
008 20031212b un ||||| |||| 00| 0 ukr d
100 _aМихайленко О.Р.
090 _a340(075.8)
_bМ69
942 _cBK
040 _aUA-OsUOA
_bukr
_cUA-OsUOA
_dUA-OsUOA
245 _aОснови правознавства
300 _a256 с.
955 _a0
041 _aukr
080 _a340(075.8)
020 _a966-580-026-4
260 _aКиїв
_bАкадемія
_c1997
044 _aUA
650 7 _2UDC
999 _c307892
_d307892